Total Quality Management. (Record no. 2509)

MARC details
005 - DATE AND TIME OF LATEST TRANSACTION
control field 20250522113940.0
020 ## - INTERNATIONAL STANDARD BOOK NUMBER
International Standard Book Number 978-81-224-3968-7
082 ## - DEWEY DECIMAL CLASSIFICATION NUMBER
Classification number 658.562 NAA
100 ## - MAIN ENTRY--PERSONAL NAME
Author name NAAGARAZAN, R. S.
245 ## - TITLE STATEMENT
Title Total Quality Management.
250 ## - EDITION STATEMENT
Edition statement 3rd Ed
260 ## - PUBLICATION, DISTRIBUTION, ETC.
Place of publication, distribution, etc. New Delhi,
Name of publisher, distributor, etc. New Age,
Date of publication, distribution, etc. 2016.
300 ## - PHYSICAL DESCRIPTION
Extent xiv,266p.: ill.; figure, table
Dimensions 24cm.
700 ## - ADDED ENTRY--PERSONAL NAME
Other authors/Editors ARIVALAGAR, A. A.
856 ## - ELECTRONIC LOCATION AND ACCESS
Link text Access Online Book
Electronic name Quality Management
Path www.newagepublishers.com
942 ## - ADDED ENTRY ELEMENTS (KOHA)
Source of classification or shelving scheme Dewey Decimal Classification
Koha item type Books
Holdings
Date last seen Total checkouts Full call number Barcode Cost, replacement price Price effective from Koha item type Lost status Source of classification or shelving scheme Damaged status Not for loan Withdrawn status Home library Current library Shelving location Date acquired Cost, normal purchase price
05/22/2025   658.562 NAA 0000009463 30000.00 05/22/2025 Books   Dewey Decimal Classification       College of Business Education Main Library College of Business Education Main Library General Collection 07/08/2016 10000.00
05/22/2025   658.562 NAA 0000009464 30000.00 05/22/2025 Books   Dewey Decimal Classification       College of Business Education Main Library College of Business Education Main Library General Collection 07/08/2016 10000.00
05/22/2025   658.562 NAA 0000009465 30000.00 05/22/2025 Books   Dewey Decimal Classification       College of Business Education Main Library College of Business Education Main Library General Collection 07/08/2016 10000.00